| 000 | 00440nam a22001817a 4500 | ||
|---|---|---|---|
| 003 | MPLRDC | ||
| 005 | 20220104142520.0 | ||
| 008 | 210129b ||||| |||| 00| 0 eng d | ||
| 020 | _a7-5639-0089-6 | ||
| 082 | _a226.9 QL | ||
| 100 | _a邱陵编撰 | ||
| 245 |
_a密宗秘法 _c |
||
| 250 | _a一版一刷 | ||
| 260 |
_a _b北京工业大学出版社 _c1990 |
||
| 300 | _b平 | ||
| 650 | _a佛教宗派--密教 | ||
| 942 |
_cBK _o226.9 QL |
||
| 999 |
_c31512 _d31502 |
||